Culture générale - numéro 26 - Statistiques

Statistiques générales
  • Ce quiz a été pris 172 fois
  • Le résultat moyen est 7 sur 15
Statistiques - réponses
Question Réponse % Correct
A quel âge en moyenne mesurons nous la moitié de notre taille adulte? 2 ans
95%
Combien de jour féries y a t'il en France? 11
77%
Qui détient le record du monde du 200 mètres? Usain Bolt
68%
Quelle est la capitale des Philippines? Manille
63%
Combien de carats peut posséder l'or au maximum? 24
55%
Quel animal est présent dans l'élevage Ovin? Mouton
55%
Dans quelle région se situe Verdun? Grand-Est
47%
Quels types de 4x4 aux roues surdimensionnés sert principalement d'attraction lors de foires? Monster Truck
47%
Quel vidéaste breton est connu pour ses vidéos de vulgarisation scientifique et découvertes d'objets insolites? Dr Nozman
46%
Quel mot désigne une équipe professionnelle en NBA? Franchise
37%
De quoi a peur un acrophobe? Du vide
35%
Dans quelle série animée américaine retrouve t'on Leïla, Fry et Bender? Futurama
35%
Qui fût le dernier roi d'Angleterre avant Charles III? Georges VI
13%
Comment devait initialement se nommer la marque IKKS? X
11%
Comment se nomme l'indice boursier basé sur les 500 plus grandes entreprises américaines? S&P500
10%
Aucun quiz correspondant
Distribution des résultats
% des personnes avec chaque résultat
Percentile par nombre de réponses
Votre historique - résultats
Vous n’avez pas pris ce quiz